LEADER 02438nam 2200421 450 001 9910688496603321 005 20230623194402.0 010 $a3-03897-783-7 035 $a(CKB)5400000000000621 035 $a(NjHacI)995400000000000621 035 $a(EXLCZ)995400000000000621 100 $a20230623d2019 uy 0 101 0 $aeng 135 $aur||||||||||| 181 $ctxt$2rdacontent 182 $cc$2rdamedia 183 $acr$2rdacarrier 200 00$aEffects of Mycotoxins on the Intestine /$fedited by Isabelle P. Oswald, Philippe Pinton, Imourana Alassane-Kpembi 210 1$aBasel :$cMDPI,$d2019. 210 4$dİ2019 215 $a1 online resource (ix, 249 pages) $cillustrations 225 0 $aToxins 320 $aIncludes bibliographical references. 330 $aMycotoxins are secondary metabolites produced by several fungal species. They can contaminate human food and animal feed, and have been a threat for thousands of years. The gastrointestinal tract is the first target when ingesting mycotoxin-contaminated food or feed. As unlikely as it sounds, the investigations concerning the effects of mycotoxins on the intestine are still in their early stages. This book gathers the most recent advances related to the characterization of the intestinal toxicity of mycotoxins. Substantial data assembled on the damage caused to a number of histological structures and functions of the intestine remove any remaining doubt about this organ being a primary target for the toxicity of mycotoxins. An interesting overview of the detrimental effects of mycotoxins on the gut-hosted microbiota-now regarded as a fully-fledged organ associated with the gut-is also given. Finally, outstanding contributions in this book address questions relating to the suitability of current regulations to protect against alterations of the intestine, and to the efficacy assessment of new detoxification strategies using the intestinal toxicity of mycotoxins as a relevant endpoint. 606 $aMycotoxins 606 $aIntestines$xDiseases 615 0$aMycotoxins. 615 0$aIntestines$xDiseases. 676 $a615.95295 702 $aOswald$b Isabelle P. 702 $aPinton$b Philippe 702 $aAlassane-Kpembi$b Imourana 801 0$bNjHacI 801 1$bNjHacl 906 $aBOOK 912 $a9910688496603321 996 $aEffects of Mycotoxins on the Intestine$92949023 997 $aUNINA LEADER 02031nam 2200385 n 450 001 996391384803316 005 20221108072407.0 035 $a(CKB)4940000000104887 035 $a(EEBO)2240944163 035 $a(UnM)99852996e 035 $a(UnM)99852996 035 $a(EXLCZ)994940000000104887 100 $a19920527d1565 uy | 101 0 $aeng 135 $aurbn||||a|bb| 200 04$aThe apologie of Fridericus Staphylus counseller to the late Emperour Ferdinandus, &c$b[electronic resource] $eIntreating of the true and right vnderstanding of holy Scripture. Of the translation of the Bible in to the vulgar tongue. Of disagrement in doctrine amonge the protestants. Translated out of Latin in to English by Thomas Stapleton, student in diuinite. Also a discourse of the translatour vppon the doctrine of the protestants vvhich he trieth by the three first founders and fathers thereof, Martin Luther, Philip Melanchthon, and especially Iohn Caluin 210 $aImprinted at Antwerp $cBy Iohn Latius, at the signe of the Rape, with priuilege$dAnno. 1565 215 $a254, [4] leaves, folded plate 300 $aA translation of: Apologia. 300 $aThe "plate" is a woodcut with title: A shovve of the protestants petigrevv as ye haue it before at large deducted .. 300 $aReproduction of the original in the British Library. 300 $aLeaf 2G1 torn; some print faded and show-through; some pages stained. 2F3-2H2 from Union Theological Seminary (New York, N.Y.). Library copy spliced at end. 330 $aeebo-0018 606 $aLutheran Church$vControversial literature$vEarly works to 1800 615 0$aLutheran Church 700 $aStaphylus$b Fridericus$01007884 701 $aStapleton$b Thomas$f1535-1598.$0191117 801 0$bCu-RivES 801 1$bCu-RivES 801 2$bCStRLIN 801 2$bWaOLN 906 $aBOOK 912 $a996391384803316 996 $aThe apologie of Fridericus Staphylus counseller to the late Emperour Ferdinandus, &c$92323121 997 $aUNISA LEADER 01470cam0-22005171i-450 001 990003681300403321 005 20250822115931.0 010 $a88-06-14394-8 035 $a000368130 035 $aFED01000368130 035 $a(Aleph)000368130FED01 100 $a20030910d1997----km-y0itay50------ba 101 0 $aita 102 $aIT 105 $ay---a---001yy 200 1 $aSul concetto di storia$fWalter Benjamin$ga cura di Gianfranco Bonola e Michele Ranchetti 210 $aTorino$cEinaudi$d1997 215 $aXIX , 342 p.$d21 cm 225 1 $aBiblioteca Einaudi$v15 610 0 $aStoria$aConcetto 676 $a901$v20$zita 700 1$aBenjamin,$bWalter$f<1892-1940>$011365 702 1$aBonola,$bGianfranco 702 1$aRanchetti,$bMichele 801 0$aIT$bUNINA$gREICAT$2UNIMARC 901 $aBK 912 $a990003681300403321 952 $aSDI-KY 20$b5589$fSDI 952 $aSE 111.04.13-$fDECSE 952 $aVI 558$b4433$fDDCIC 952 $aCOLLEZ. 1740 (15)$b35000$fFSPBC 952 $aSE111.04.13-2$fDECSE 952 $a08.099$b2701$fDARST 952 $aDE FUSCO 790$bRDF 824$fDARST 952 $aDE FUSCO 1018$bRDF 1058$fDARST 952 $aFL STO 25$bFL-238$fDECBC 952 $a192.23 BENW 23$b2023/7896$fFLFBC 959 $aDECSE 959 $aDDCIC 959 $aFSPBC 959 $aSDI 959 $aDARST 959 $aDECBC 959 $aFLFBC 996 $aSul concetto di storia$9498692 997 $aUNINA